Vie et mort d'Adolf Hitler / (Record no. 117000)

MARC details
000 -LEADER
campo de control de longitud fija 00615nam a2200193 4500
001 - NÚMERO DE CONTROL
campo de control 117000
003 - IDENTIFICADOR DE NÚMERO DE CONTROL
campo de control ES-MaACL
007 - CAMPO FIJO DE DESCRIPCIÓN FÍSICA--INFORMACIÓN GENERAL
campo de control de longitud fija t|
008 - DATOS DE LONGITUD FIJA--INFORMACIÓN GENERAL
campo de control de longitud fija 070228s1974 fr r ||||1| fre d
100 1# - ENTRADA PRINCIPAL--NOMBRE DE PERSONA
Nombre de persona Payne, Robert.
9 (RLIN) 89728
245 10 - MENCIÓN DEL TÍTULO
Título Vie et mort d'Adolf Hitler /
Mención de responsabilidad, etc. Robert Payne ; traduit de l'americain par Françoise Vernan.
260 ## - PUBLICACIÓN, DISTRIBUCIÓN, ETC.
Lugar de publicación, distribución, etc. Paris :
Nombre del editor, distribuidor, etc. Buchet-Chastel,
Fecha de publicación, distribución, etc. 1974.
300 ## - DESCRIPCIÓN FÍSICA
Extensión 571 p. ;
Dimensiones 25 cm.
490 1# - MENCIÓN DE SERIE
Mención de serie Collection grandes biographies
700 1# - ENTRADA AGREGADA--NOMBRE PERSONAL
Nombre de persona Vernan, Françoise.
9 (RLIN) 114158
830 0# - PUNTO DE ACCESO ADICIONAL DE SERIE-TÍTULO UNIFORME
Título uniforme Collection grandes biographies
9 (RLIN) 233334
852 ## - LOCALIZACIÓN
Ubicación ES-MaACL
Número de control de estantería E-7229
Sublocalización o colección R.91257
Holdings
Estatus retirado Estado de pérdida Estado de daño No para préstamo Biblioteca de origen Biblioteca actual Ubicación en estantería Fecha de adquisición Fuente de adquisición Total de préstamos Signatura topográfica completa Código de barras Visto por última vez Precio de reemplazo Tipo de ítem Koha
        Biblioteca del Ateneo de Madrid Biblioteca del Ateneo de Madrid Depósito 2 17/01/2008     E-7229 1121989 23/02/2023 23/02/2023 Libro impreso